000 00888nam0a22002171 4500
001 v19\rc\1978807
005 20250619223003.0
035 _a(NLR Aleph) 005062242
090 _a7008336
_c7008336
100 _a20080623d1914 |||y0rusy50 ca
101 0 _arus
102 _aRU
105 _ay j |||||
200 1 _aНормальный учебный план и программы преподавания для низших школ садоводства 1 разряда по положению 26 мая 1904 года
_fСост. Совещанием по организации садовых учеб. заведений 1913 г. при Деп. зем.
210 _aПетроград
_cтип. В.Ф. Киршбаума
_d1914
215 _a[4], XII, 74 с.
801 0 _aRU
_bNLR
_gpsbo
801 1 _aRU
_bProSoft-M
_2rusmarc
852 _aNLR
_j40.4.7.78
942 _cBOOK
980 _aNB